| 000 | 00383nam a2200145Ia 4500 | ||
|---|---|---|---|
| 008 | 230917s9999||||xx |||||||||||||| ||und|| | ||
| 040 |
_e195791 _aMAIN |
||
| 041 | _aEnglish | ||
| 082 | _a338.6 S59I | ||
| 100 | _aSantosh Kumar | ||
| 245 | 0 | _aInstitutional finance for industrialisation | |
| 260 |
_aNew Delhi _bAbhijeet Publications _c2010 |
||
| 300 | _axvii, 284 p. | ||
| 942 | _cBK | ||
| 999 |
_c158872 _d158872 |
||